[Event "Parla op 25th"]
[Site "Parla"]
[Date "2010.09.10"]
[Round "7"]
[White "Garcia Lopez, Luis Manuel"]
[Black "Martin Garcia, Guillermo Li"]
[Result "1/2-1/2"]
[WhiteElo "2094"]
[BlackElo "1863"]
[PlyCount "82"]
[EventDate "2010.09.04"]
[EventType "swiss"]
[EventRounds "9"]
[EventCountry "ESP"]
[SourceTitle "CBM 138 Extra"]
[Source "ChessBase"]
[SourceDate "2010.10.29"]
[SourceVersion "1"]
[SourceVersionDate "2010.10.29"]
[SourceQuality "1"]

1. e4 e5 2. Bc4 Nc6 3. Nf3 Bc5 4. c3 Nf6 5. d4 exd4 6. cxd4 Bb4+ 7. Nc3 Nxe4 8. 0-0 Bxc3 9. d5 Ne5 10. bxc3 Nxc4 11. Qd4 0-0 12. Qxe4 Nd6 13. Qf4 Re8 14. Ba3 Re4 15. Qd2 Nc4 16. Qd3 f5 17. Rae1 Nxa3 18. Rxe4 fxe4 19. Qxe4 Nb5 20. d6 Nxd6 21. Qd5+ Kh8 22. Re1 Rb8 23. Ng5 b6 24. Nxh7 Kxh7 25. Re3 Qh4 26. Rh3 Qxh3 27. gxh3 Bb7 28. Qh5+ Kg8 29. Qg4 Re8 30. f3 Bc6 31. h4 Re3 32. h5 Bxf3 33. Qxd7 Bxh5 34. Qxc7 Re1+ 35. Kf2 Re2+ 36. Kf1 Nf5 37. Qc8+ Re8 38. Qd7 Ne3+ 39. Kg1 a5 40. Qc6 Bf7 41. Qxb6 Bxa2 1/2-1/2

[Event "Albacete op 17th"]
[Site "Albacete"]
[Date "2009.09.04"]
[Round "7"]
[White "Garcia Lopez, Luis Manuel"]
[Black "Septien Lopez, Valeriano"]
[Result "1/2-1/2"]
[WhiteElo "2105"]
[BlackElo "1945"]
[PlyCount "76"]
[EventDate "2009.09.01"]
[EventType "swiss"]
[EventRounds "9"]
[EventCountry "ESP"]
[SourceTitle "CBM 132 Extra"]
[Source "ChessBase"]
[SourceDate "2009.11.03"]
[SourceVersion "1"]
[SourceVersionDate "2009.11.03"]
[SourceQuality "1"]

1. e4 d5 2. exd5 Qxd5 3. Nc3 Qd6 4. d4 Nf6 5. Bc4 a6 6. Nge2 b5 7. Bb3 Bb7 8. Bf4 Qb6 9. 0-0 Nbd7 10. a4 Rc8 11. axb5 axb5 12. d5 c5 13. dxc6 Qxc6 14. f3 e6 15. Qd3 Bc5+ 16. Kh1 0-0 17. Qxb5 Nh5 18. Qd3 Nxf4 19. Nxf4 Ne5 20. Qe2 Bd4 21. Nb5 Bxb2 22. Na7 Qc5 23. Nxc8 Bxa1 24. Ne7+ Qxe7 25. Rxa1 Qf6 26. Nh5 Qf5 27. Ng3 Qf4 28. Re1 Ra8 29. Nh5 Qd4 30. f4 Ng6 31. Bxe6 Bd5 32. Bxd5 Qxd5 33. f5 Qxf5 34. Ng3 Qc5 35. Ne4 Qe5 36. h3 Ra1 37. Rxa1 Qxa1+ 38. Kh2 Qe5+ 1/2-1/2

[Event "Albacete op 16th"]
[Site "Albacete"]
[Date "2008.09.04"]
[Round "6"]
[White "Garcia Lopez, Luis Manuel"]
[Black "Castellanos Rodriguez, Renier"]
[Result "0-1"]
[WhiteElo "2109"]
[BlackElo "2471"]
[PlyCount "76"]
[EventDate "2008.09.01"]
[EventType "swiss"]
[EventRounds "9"]
[EventCountry "ESP"]
[SourceTitle "CBM 126 Extra"]
[Source "ChessBase"]
[SourceDate "2008.11.05"]
[SourceVersion "1"]
[SourceVersionDate "2008.11.05"]
[SourceQuality "1"]

1. e4 c5 2. Nf3 e6 3. d4 cxd4 4. Nxd4 a6 5. Nc3 Qc7 6. g3 Bb4 7. Nde2 Be7 8. Bg2 Nf6 9. 0-0 Nc6 10. Nf4 d6 11. Nd3 0-0 12. g4 b5 13. g5 Nd7 14. f4 b4 15. Ne2 Re8 16. Ng3 Bf8 17. Kh1 a5 18. Be3 Ba6 19. Rf2 Rad8 20. Qf3 Nc5 21. Rd1 Bb7 22. Qg4 g6 23. Rfd2 Na4 24. Bg1 Bg7 25. f5 exf5 26. exf5 Ne5 27. Nxe5 Bxg2+ 28. Kxg2 dxe5 29. Rxd8 Rxd8 30. Rxd8+ Qxd8 31. f6 Bf8 32. Ne4 Qd5 33. Qe2 Nxb2 34. Kg3 Na4 35. Nf2 Nc3 36. Qa6 e4 37. h4 e3 38. Ng4 Bd6+ 0-1